<?xml version="1.0" encoding="UTF-8"?>
<record
    xmlns:xsi="http://www.w3.org/2001/XMLSchema-instance"
    xsi:schemaLocation="http://www.loc.gov/MARC21/slim http://www.loc.gov/standards/marcxml/schema/MARC21slim.xsd"
    xmlns="http://www.loc.gov/MARC21/slim">

  <leader>02199nam a22002177a 4500</leader>
  <controlfield tag="008">250711b        |||||||| |||| 00| 0 eng d</controlfield>
  <datafield tag="020" ind1=" " ind2=" ">
    <subfield code="a">9781398619715</subfield>
  </datafield>
  <datafield tag="040" ind1=" " ind2=" ">
    <subfield code="c">TBS</subfield>
  </datafield>
  <datafield tag="041" ind1=" " ind2=" ">
    <subfield code="a">eng</subfield>
  </datafield>
  <datafield tag="050" ind1=" " ind2=" ">
    <subfield code="a">HD69.B7</subfield>
  </datafield>
  <datafield tag="100" ind1=" " ind2=" ">
    <subfield code="a">Melchior Ray, Katherine</subfield>
    <subfield code="9">25740</subfield>
    <subfield code="e">author</subfield>
  </datafield>
  <datafield tag="245" ind1=" " ind2=" ">
    <subfield code="a">Brand global, adapt local </subfield>
    <subfield code="b">: how to build brand value across cultures </subfield>
    <subfield code="c">/ Katherine Melchior Ray with Nataly Kelly.</subfield>
  </datafield>
  <datafield tag="260" ind1=" " ind2=" ">
    <subfield code="a">London ;</subfield>
    <subfield code="a">New York, NY, </subfield>
    <subfield code="b">Kogan Page, </subfield>
    <subfield code="c">2025.</subfield>
  </datafield>
  <datafield tag="300" ind1=" " ind2=" ">
    <subfield code="a">273 pages :</subfield>
    <subfield code="b">illustrations, charts (black and white) ;</subfield>
    <subfield code="c">24 cm.</subfield>
  </datafield>
  <datafield tag="520" ind1=" " ind2=" ">
    <subfield code="a">Building global brands provides companies with access to new markets, new opportunities and new ideas that can stimulate innovation and diversify revenue streams. However, with new opportunities comes additional challenges that marketers need to navigate in order to build an international brand.

If a brand wants to thrive in an international market, it needs to understand the different consumers and the nuances of the cultures in which they live. The best brands in the world do this by remaining relentlessly curious about their customers and their markets, immersing themselves in the culture and embracing new and different ways of seeing, understanding and being. Learn how to develop this global mindset and how to build this into your marketing strategy from some of the world's leading global brands such as Nike, LVMH, Nestl&#xE9;, Shiseido, Natura and Marriott. This book explores the challenges these brands faced across international markets and how they balance remaining true to their brand values with creating local resonance.

Covering everything from how applying cultural understanding to interpreting data delivers exceptional consumer insight to how you can localize campaigns without losing the core brand identity, this book delivers all you need to know about scaling a brand globally packed full of powerful insight from leading marketers.</subfield>
  </datafield>
  <datafield tag="650" ind1=" " ind2="0">
    <subfield code="a">Brand name products</subfield>
    <subfield code="x">Management</subfield>
    <subfield code="x">Cross-cultural studies</subfield>
    <subfield code="9">25741</subfield>
  </datafield>
  <datafield tag="650" ind1=" " ind2="0">
    <subfield code="a">Branding (Marketing)</subfield>
    <subfield code="x">Cross-cultural studies</subfield>
    <subfield code="9">25742</subfield>
  </datafield>
  <datafield tag="650" ind1=" " ind2="0">
    <subfield code="a">Product management</subfield>
    <subfield code="x">Cross-cultural studies</subfield>
    <subfield code="9">25743</subfield>
  </datafield>
  <datafield tag="700" ind1=" " ind2=" ">
    <subfield code="a">Kelly, Nataly</subfield>
    <subfield code="d">1975-</subfield>
    <subfield code="9">25744</subfield>
    <subfield code="e">author</subfield>
  </datafield>
  <datafield tag="942" ind1=" " ind2=" ">
    <subfield code="2">lcc</subfield>
  </datafield>
  <datafield tag="952" ind1=" " ind2=" ">
    <subfield code="0">0</subfield>
    <subfield code="1">0</subfield>
    <subfield code="2">lcc</subfield>
    <subfield code="4">0</subfield>
    <subfield code="7">0</subfield>
    <subfield code="a">TBS</subfield>
    <subfield code="b">TBS</subfield>
    <subfield code="d">2025-07-11</subfield>
    <subfield code="l">0</subfield>
    <subfield code="o">HD69.B7 MEL</subfield>
    <subfield code="p">B07588</subfield>
    <subfield code="r">2025-07-11</subfield>
    <subfield code="t">1</subfield>
    <subfield code="w">2025-07-11</subfield>
    <subfield code="y">1</subfield>
  </datafield>
  <datafield tag="999" ind1=" " ind2=" ">
    <subfield code="c">4850</subfield>
    <subfield code="d">4850</subfield>
  </datafield>
</record>
